[Event "Rewal op-B 16th"]
[Site "Rewal"]
[Date "2011.08.27"]
[Round "8"]
[White "Jastrzebski, Konrad"]
[Black "Duda, Ryszard"]
[Result "1-0"]
[WhiteElo "1536"]
[BlackElo "1760"]
[PlyCount "97"]
[EventDate "2011.08.18"]
[EventType "swiss"]
[EventRounds "9"]
[EventCountry "POL"]
[SourceTitle "CBM 144 Extra"]
[Source "ChessBase"]
[SourceDate "2011.10.28"]
[SourceVersion "1"]
[SourceVersionDate "2011.10.28"]
[SourceQuality "1"]

1. e4 c5 2. Nf3 d6 3. d3 e6 4. g3 Nf6 5. Bg2 Nc6 6. 0-0 Be7 7. Re1 Qc7 8. c3 0-0 9. h4 d5 10. e5 Nd7 11. Bf4 Qb6 12. Qc2 d4 13. c4 Qc7 14. a3 b6 15. Qe2 Bb7 16. Nbd2 Rfe8 17. Ng5 h6 18. Nh3 Nf8 19. Qh5 Ng6 20. Be4 Nxf4 21. gxf4 Qd8 22. Ng5 Rf8 23. Nh7 Bxh4 24. Nxf8 Kxf8 25. Nf3 Be7 26. Kh2 Na5 27. Bxb7 Nxb7 28. Rg1 Qe8 29. Rg3 f5 30. Qxe8+ Rxe8 31. Rag1 g5 32. fxg5 hxg5 33. Nxg5 Bxg5 34. Rxg5 Nd8 35. Rg8+ Ke7 36. R8g7+ Nf7 37. Rh7 Rh8 38. Rxh8 Nxh8 39. f4 Kf7 40. b4 Ng6 41. Kg3 cxb4 42. axb4 Ne7 43. Ra1 Nc8 44. c5 bxc5 45. bxc5 Ke7 46. Ra4 Kd7 47. Rxd4+ Kc6 48. Kf3 Kxc5 49. Rc4+ 1-0

[Event "Rewal op-B 16th"]
[Site "Rewal"]
[Date "2011.08.26"]
[Round "7"]
[White "Jastrzebski, Konrad"]
[Black "Hagner, Pawel"]
[Result "0-1"]
[WhiteElo "1536"]
[BlackElo "1781"]
[PlyCount "78"]
[EventDate "2011.08.18"]
[EventType "swiss"]
[EventRounds "9"]
[EventCountry "POL"]
[SourceTitle "CBM 144 Extra"]
[Source "ChessBase"]
[SourceDate "2011.10.28"]
[SourceVersion "1"]
[SourceVersionDate "2011.10.28"]
[SourceQuality "1"]

1. e4 g6 2. g3 Bg7 3. Bg2 d6 4. d3 c5 5. Nf3 Nc6 6. 0-0 e6 7. Re1 Nge7 8. h4 Nd4 9. Nbd2 0-0 10. c3 Ndc6 11. Nf1 f5 12. h5 gxh5 13. Ng5 Qe8 14. Bf3 Ne5 15. Bxh5 Qd7 16. f4 N5g6 17. Bxg6 hxg6 18. Nh2 d5 19. e5 d4 20. c4 b5 21. b3 bxc4 22. bxc4 Rb8 23. Nhf3 Bh6 24. Kf2 Kg7 25. Rh1 Rh8 26. Ba3 Qc6 27. Rh4 Bb7 28. Qg1 Bxg5 29. Nxg5 Rxh4 30. gxh4 Rh8 31. Kg3 Bc8 32. Rb1 a6 33. Rb3 Bd7 34. Qb1 Rxh4 35. Kxh4 Qg2 36. Qd1 Qh2+ 37. Nh3 g5+ 38. Kxg5 Qg3+ 39. Kh5 Be8# 0-1

[Event "Gora Sw Anny op 4th"]
[Site "Gora Sw Anny"]
[Date "2011.02.13"]
[Round "3"]
[White "Klama, Andrzej"]
[Black "Jastrzebski, Konrad"]
[Result "1/2-1/2"]
[WhiteElo "1639"]
[BlackElo "1458"]
[PlyCount "86"]
[EventDate "2011.02.12"]
[EventType "swiss"]
[EventRounds "9"]
[EventCountry "POL"]
[SourceTitle "CBM 140 Extra"]
[Source "ChessBase"]
[SourceDate "2011.03.01"]
[SourceVersion "1"]
[SourceVersionDate "2011.03.01"]
[SourceQuality "1"]

1. e4 c5 2. Nf3 e6 3. d4 cxd4 4. Nxd4 Nc6 5. c3 Qc7 6. Bd3 Nf6 7. f4 d6 8. 0-0 Be7 9. Kh1 0-0 10. Nd2 Rd8 11. N2f3 a6 12. Qc2 Nxd4 13. cxd4 Qxc2 14. Bxc2 h6 15. Bd2 b6 16. Bb4 Kf8 17. Rfe1 Bb7 18. Rac1 Rac8 19. e5 dxe5 20. Bxe7+ Kxe7 21. dxe5 Nd5 22. f5 Nb4 23. Bb1 Rxc1 24. Rxc1 Rc8 25. Rd1 Rc5 26. a3 Nc2 27. b4 Rc8 28. Bxc2 Rxc2 29. fxe6 fxe6 30. Ne1 Re2 31. Rc1 Kd7 32. Rd1+ Ke8 33. Nf3 Bxf3 34. gxf3 Rxe5 35. Rd6 a5 36. Rxb6 axb4 37. axb4 g5 38. Rb7 Re1+ 39. Kg2 Re2+ 40. Kg3 Rb2 41. h3 Rb3 42. Rh7 Rxb4 43. Rxh6 Kf7 1/2-1/2

[Event "Gora Sw Anny op 4th"]
[Site "Gora Sw Anny"]
[Date "2011.02.12"]
[Round "1"]
[White "Jastrzebski, Konrad"]
[Black "Parol, Pawel"]
[Result "0-1"]
[WhiteElo "1458"]
[BlackElo "1860"]
[PlyCount "62"]
[EventDate "2011.02.12"]
[EventType "swiss"]
[EventRounds "9"]
[EventCountry "POL"]
[SourceTitle "CBM 140 Extra"]
[Source "ChessBase"]
[SourceDate "2011.03.01"]
[SourceVersion "1"]
[SourceVersionDate "2011.03.01"]
[SourceQuality "1"]

1. e4 e6 2. d4 d5 3. Nc3 Nf6 4. e5 Nfd7 5. Nce2 c5 6. c3 Nc6 7. Nf3 f6 8. exf6 Nxf6 9. g3 Bd6 10. Bg2 0-0 11. 0-0 Qb6 12. Qc2 Bd7 13. Be3 cxd4 14. Nexd4 Nxd4 15. Bxd4 Qc7 16. Rfe1 Ne4 17. Nd2 Nc5 18. f4 Rac8 19. Nf3 Ne4 20. Kh1 Bc5 21. Be5 Qb6 22. Bh3 Bb5 23. Kg2 a5 24. a4 Be8 25. Nd2 Bg6 26. Qc1 Nf2 27. Re2 Bd3 28. Re1 Bg6 29. Re2 Bh5 30. Nf3 Nxh3 31. Kxh3 Bxf3 0-1